| 000 | 00436nam a2200181Ia 4500 | ||
|---|---|---|---|
| 001 | 9529 | ||
| 005 | 20260306161725.0 | ||
| 008 | 260306t1996||||xx |||||||||||||| ||spa|| | ||
| 041 | _aESP | ||
| 082 |
_a380 _bH92 |
||
| 100 |
_aHull, John C. _eAUT |
||
| 245 | 0 | _aIntroducción a los mercados de futuros y opciones | |
| 260 | _c1996 | ||
| 300 |
_a484 páginas : _c23 cm. |
||
| 650 | _aGEN | ||
| 654 | _aCAN | ||
| 942 |
_cLIB _dJUS _fJUS _2ddc _n |
||
| 999 |
_c9529 _d9529 |
||